| 000 | 00709nam a22002057a 4500 | ||
|---|---|---|---|
| 005 | 20210325185519.0 | ||
| 008 | s2543 th tha d | ||
| 020 | _a9748712532 | ||
| 041 | _atha | ||
| 090 | _aอ AG470.B3 ส753ค 2543 | ||
| 245 | 1 | 0 | _aคำศัพท์การธนาคาร |
| 246 | _aDictionary of banking terms | ||
| 260 | 3 |
_aกรุงเทพฯ : _bโรงพิมพ์กรุงเทพ (1984), _c2543 |
|
| 300 |
_a384 หน้า ; _b 21 ซม. |
||
| 650 | 0 | 4 | _aธนาคารและการธนาคาร -- คำศัพท์ |
| 850 | _aNALT | ||
| 942 | _cREF | ||
| 997 | _c000000000023161 | ||
| 998 | _aBENJALUCK SUTTHIWILAI | ||
| 999 |
_c23161 _d23161 |
||